00258 a2200121 4500001000700000020001800007040001100025100001700036240003600053245003100089300000700120362000900127186087 a0-19-423011-2 cMagnum aNevile, Jill10aThe picture of Dorian GraylING10aThe picture of Dorian Gray a720 a2000